000
00251nam a22001217a 4500
008
180109b xxu||||| |||| 00| 0 eng d
041
_a
eng
080
_a
82
100
_a
21
101
_a
GJU
245
_a
QUOTATIONNARY
_c
FRANK.L.R
942
_2
udc
_c
BK
999
_c
39940
_d
39940